Statistics for Guess the football player with a blue shirt

Click here to take the quiz!

General Stats

  • This quiz has been taken 23 times
  • The average score is 9 of 16

Answer Stats

Answer% Correct
Andrea Pirlo
100%
Mario Balotelli
100%
Eden Hazard
90%
Matthijs De Ligt
76%
Yaya Touré
76%
Nuno Mendes
67%
Hakan Çalhanoğlu
52%
Laurent Blanc
48%
Solly March
48%
Ferland Mendy
43%
Patson Daka
43%
Rico Lewis
43%
Amadou Onana
38%
Davy Klaassen
33%
Jordan Veretout
24%
Wilfred Ndidi
14%

Score Distribution

Percentile by Number Answered

Percent of People with Each Score

Your Score History

You have not taken this quiz